[Event "Venice Province-ch 82nd"]
[Site "Mestre"]
[Date "2023.01.28"]
[Round "3.13"]
[White "Formentin, John"]
[Black "Patron, Cristobal"]
[Result "1-0"]
[WhiteElo "1069"]
[BlackElo "999"]
[PlyCount "100"]
[EventDate "2023.01.27"]
[EventType "swiss"]
[EventRounds "5"]
[EventCountry "ITA"]
[SourceTitle "EXT 2024"]
[Source "ChessBase"]
[SourceDate "2023.10.10"]
[SourceVersion "1"]
[SourceVersionDate "2023.10.10"]
[SourceQuality "1"]

1. e4 e5 2. Nf3 Nc6 3. Nc3 Bc5 4. Nxe5 Bxf2+ 5. Kxf2 Nxe5 6. d4 Nc6 7. Bc4 Qf6+ 8. Kg1 Qxd4+ 9. Qxd4 Nxd4 10. Bd3 Nf6 11. Bg5 0-0 12. Bxf6 gxf6 13. Nd5 c6 14. Nxf6+ Kh8 15. c3 Nb5 16. Bxb5 cxb5 17. Rd1 Rd8 18. Nd5 b6 19. Nc7 Rb8 20. Nxb5 a5 21. Nd6 Rf8 22. h3 Bb7 23. Kh2 b5 24. Rhf1 f6 25. e5 Bd5 26. Rxd5 fxe5 27. Rxf8+ Rxf8 28. Rxe5 b4 29. cxb4 axb4 30. Rb5 Rf6 31. Rb8+ Kg7 32. Ne8+ Kf7 33. Nxf6 Kxf6 34. Rxb4 Ke7 35. Rd4 Kd8 36. Rc4 Ke7 37. b4 d5 38. Rc1 d4 39. b5 d3 40. b6 d2 41. Rd1 Kd7 42. Rxd2+ Kc6 43. Re2 Kxb6 44. Re7 h5 45. g4 hxg4 46. hxg4 Kc6 47. g5 Kd6 48. Re1 Kc5 49. g6 Kb4 50. g7 Ka3 1-0